Statistiques concernant Les plus longs noms de pays avec un mot • A à Z

Cliquez ici pour prendre le quiz!

Statistiques générales

  • Ce quiz a été pris 510 fois
    (173 depuis la dernière actualisation)
  • Le résultat moyen est 16 sur 24

Statistiques - réponses

A-ZLettresPaysA-Z% Correct
A11Afghanistan / AzerbaidjanA
91%
Y5YemenY
84%
U7Ukraine / UruguayU
82%
Z8ZimbabweZ
82%
M10Madagascar / Mauritanie / Micronesie / Montenegro / MozambiqueM
80%
Q5QatarQ
80%
J8Jamaïque / JordanieJ
78%
F8FinlandeF
78%
O11OuzbékistanO
78%
E8Equateur / Erythree / Ethiopie / EswatiniE
75%
V9VenezuelaV
73%
K12KirghizistanK
72%
H8HondurasH
70%
I9IndonesieI
69%
T12TurkmenistanT
69%
G9GuatemalaG
62%
B11BiélorussieB
60%
C8Cambodge / Cameroun / ColombieC
60%
R8RoumanieR
47%
L13LiechtensteinL
46%
N9NicaraguaN
39%
P11PhilippinesP
34%
D9DominiqueD
34%
S10SeychellesS
10%

Distribution des résultats

Percentile par nombre de réponses

% des personnes avec chaque résultat

Votre développement - résultats

Vous n’avez pas pris ce quiz depuis la dernière actualisation